Mathematics : a cultural approach
Αποθηκεύτηκε σε:
| Κύριος συγγραφέας: | |
|---|---|
| Μορφή: | Βιβλίο |
| Γλώσσα: | English |
| Δημοσίευση: |
Reading, Mass. :
Addison-Wesley,
c1962.
|
| Σειρά: | Addison-Wesley series in mathematics
|
| Θέματα: | |
| Ετικέτες: |
Προσθήκη ετικέτας
Δεν υπάρχουν, Καταχωρήστε ετικέτα πρώτοι!
|
MARC
| LEADER | 00000cam a2200000 i 4500 | ||
|---|---|---|---|
| 001 | 1/438 | ||
| 008 | 090701s1962 mau| ||| |||| ||eng|| | ||
| 035 | |l 10105237 | ||
| 040 | |a GR-MyUa |b gre |e AACR2 | ||
| 041 | 0 | |a eng | |
| 082 | 7 | |a 510 |2 (22) | |
| 100 | 1 | |a Kline, Morris, |d 1908-1992. | |
| 245 | 1 | 0 | |a Mathematics : |b a cultural approach / |c by Morris Kline. |
| 260 | |a Reading, Mass. : |b Addison-Wesley, |c c1962. | ||
| 300 | |a xv, 701 σ. : |b εικ. ; |c 24 εκ. | ||
| 490 | 1 | |a (Addison-Wesley series in mathematics) | |
| 504 | |a Περιέχει βιβλιογραφία. | ||
| 650 | 0 | 0 | |a Mathematics. |
| 830 | 0 | |a Addison-Wesley series in mathematics | |
| 852 | |a INST |b SAMOS |c MAG |e 20090701 |h 510 KLI |p 005300028518 |q 005300028518 |t BK |y 0 | ||
| 901 | |a BIBL3-2009-2 | ||
| 970 | |a ΜΑΛΑΓΑΡΗ |b ΦΩΤΕΙΝΗ |z 2009/07/01 | ||